000 00785nam a2200253 a 4500
001 BRCA_7695
005 20190320205941.0
008 230813s1963----enka######---#000-0#eng-#
041 _aeng
044 _aenk
050 4 _aND8603
_b.R45 1963
100 1 _aReitlinger, Gerald Roberts
_919014
245 1 0 _aThe economics of taste
_bthe rise and fall of objects d´art price since 1750
_cGerald Reitlinger.
260 _aLondres
_bBarrie & Rockliff
_cc1963
300 _a708 p.
_c23 cm.
500 _aLa biblioteca solo cuenta con el v.II
500 _aU32
650 1 4 _aObjetos de arte
_vPrecios
_919015
650 1 4 _aObjetos de arte
_vComercio
_919016
650 1 4 _aArte
_vSubastas
_919017
650 1 4 _aArte
_vColeccionistas y colecciones
_915108
902 _aGFM
942 _2lcc
_cB
999 _c7369
_d7369